[Event "FRA-chT Top 16 GpB"]
[Site "Chartres"]
[Date "2023.06.03"]
[Round "3.4"]
[White "Lazarev, Vladimir"]
[Black "Lambert, Romain"]
[Result "1-0"]
[WhiteElo "2496"]
[BlackElo "2201"]
[PlyCount "50"]
[EventDate "2023.06.01"]
[EventType "team-tourn"]
[EventRounds "7"]
[EventCountry "FRA"]
[SourceTitle "CBM 214 Extra"]
[Source "ChessBase"]
[SourceDate "2023.07.31"]
[SourceVersion "1"]
[SourceVersionDate "2023.07.31"]
[SourceQuality "1"]
[WhiteTeam "Metz Fischer"]
[BlackTeam "Poitiers Migne"]
[WhiteTeamCountry "FRA"]
[BlackTeamCountry "FRA"]

1. d4 Nf6 2. c4 e6 3. Nf3 d5 4. g3 Be7 5. Bg2 0-0 6. 0-0 dxc4 7. Qc2 c6 8. Qxc4 b5 9. Qc2 Bb7 10. Nc3 Nbd7 11. Rd1 Qb6 12. Be3 Nd5 13. Bg5 N7f6 14. Ne5 Rfd8 15. Ne4 Nb4 16. Qb3 Rxd4 17. Bxf6 gxf6 18. Nd7 Rxd7 19. Rxd7 Nd5 20. Rxe7 Nxe7 21. Nxf6+ Kh8 22. Qd3 Ng6 23. Rd1 c5 24. Qd7 Bxg2 25. Qxf7 Qb7 1-0

[Event "FRA-chT Top 16 GpB"]
[Site "Chartres"]
[Date "2023.06.01"]
[Round "1.3"]
[White "Lambert, Romain"]
[Black "Sokolov, Andrei"]
[Result "0-1"]
[WhiteElo "2201"]
[BlackElo "2465"]
[PlyCount "94"]
[EventDate "2023.06.01"]
[EventType "team-tourn"]
[EventRounds "7"]
[EventCountry "FRA"]
[SourceTitle "CBM 214 Extra"]
[Source "ChessBase"]
[SourceDate "2023.07.31"]
[SourceVersion "1"]
[SourceVersionDate "2023.07.31"]
[SourceQuality "1"]
[WhiteTeam "Poitiers Migne"]
[BlackTeam "Mulhouse Philidor"]
[WhiteTeamCountry "FRA"]
[BlackTeamCountry "FRA"]

1. d4 Nf6 2. c4 e6 3. Nc3 Bb4 4. Qc2 c5 5. dxc5 0-0 6. Nf3 Na6 7. g3 Nxc5 8. Bg2 d6 9. 0-0 Bd7 10. Nd4 Rc8 11. Ndb5 Qb6 12. Bg5 a6 13. Nd4 Bxc3 14. bxc3 Ba4 15. Rab1 Qa5 16. Nb3 Nxb3 17. axb3 Qxg5 18. bxa4 Rxc4 19. Bxb7 Qa5 20. Qd3 d5 21. Rb4 Rxb4 22. cxb4 Qxa4 23. Rb1 Rb8 24. Qxa6 Qc2 25. Ra1 h5 26. b5 Qxe2 27. Qa7 Rf8 28. Bc6 Ne4 29. Qe3 Qxe3 30. fxe3 Rb8 31. Kf1 Nd6 32. Ke1 Nc4 33. Ke2 Ne5 34. Ra7 Nxc6 35. bxc6 Rc8 36. c7 Kf8 37. Kf3 Ke7 38. Kf4 f6 39. e4 dxe4 40. Kxe4 Kd7 41. Ra5 g6 42. h3 Rxc7 43. g4 hxg4 44. hxg4 Rc4+ 45. Kf3 g5 46. Ra6 Rc3+ 47. Ke4 Rg3 0-1

[Event "Sautron op 21th"]
[Site "Sautron"]
[Date "2014.08.29"]
[Round "2"]
[White "Lambert, Romain"]
[Black "Couchet, Renaud"]
[Result "1-0"]
[WhiteElo "2074"]
[BlackElo "1703"]
[PlyCount "53"]
[EventDate "2014.08.28"]
[EventType "swiss"]
[EventRounds "6"]
[EventCountry "FRA"]
[SourceTitle "EXT 2015"]
[Source "ChessBase"]
[SourceDate "2014.11.20"]
[SourceVersion "1"]
[SourceVersionDate "2014.11.20"]
[SourceQuality "1"]

1. d4 d5 2. c4 dxc4 3. Nf3 Nf6 4. e3 e6 5. Bxc4 c5 6. 0-0 a6 7. Qe2 b5 8. Bb3 Bb7 9. Rd1 Qb6 10. Nc3 Nbd7 11. d5 exd5 12. Nxd5 Bxd5 13. Bxd5 Nxd5 14. Rxd5 Nf6 15. Rd1 Be7 16. e4 Rd8 17. Bg5 Qb7 18. Bxf6 Bxf6 19. e5 Be7 20. e6 0-0 21. exf7+ Rxf7 22. Qe6 Kf8 23. Ne5 Bf6 24. Rxd8+ Bxd8 25. Nxf7 Qxf7 26. Qxa6 Bf6 27. Qc8+ 1-0

[Event "Nantes op 11th"]
[Site "Nantes"]
[Date "2012.12.28"]
[Round "2"]
[White "Lambert, Romain"]
[Black "Brard, Laurent"]
[Result "1-0"]
[WhiteElo "2096"]
[BlackElo "1874"]
[PlyCount "91"]
[EventDate "2012.12.27"]
[EventType "swiss"]
[EventRounds "7"]
[EventCountry "FRA"]
[SourceTitle "EXT 2014"]
[Source "ChessBase"]
[SourceDate "2013.11.20"]
[SourceVersion "1"]
[SourceVersionDate "2013.11.20"]
[SourceQuality "1"]

1. c4 Nf6 2. Nf3 g6 3. g3 Bg7 4. Bg2 d5 5. cxd5 Nxd5 6. 0-0 0-0 7. Nc3 Nc6 8. Nxd5 Qxd5 9. d3 Qh5 10. Re1 Bg4 11. Bd2 Rab8 12. Rb1 Rfd8 13. Be3 Nd4 14. Nxd4 Bxd4 15. Bxd4 Rxd4 16. b4 c6 17. Qc2 Rd7 18. a4 a6 19. Qb2 Rbd8 20. Rbc1 Be6 21. Rc5 Qh6 22. b5 axb5 23. axb5 Bd5 24. Bxd5 Rxd5 25. Rxd5 Rxd5 26. bxc6 bxc6 27. Ra1 Rd8 28. Qb7 Qg7 29. Ra7 Qe5 30. Qxe7 Qxe7 31. Rxe7 Rc8 32. Kf1 Kg7 33. Ke1 Kf6 34. Re4 h5 35. Kd2 Ra8 36. Kc3 Ra2 37. Kb4 g5 38. h4 gxh4 39. gxh4 Kf5 40. Kc5 Rc2+ 41. Kd6 Rc1 42. Ke7 Rf1 43. f3 Rf2 44. Kxf7 Rg2 45. Ke7 Rg6 46. Kd7 1-0

[Event "Paris-ch op-B 87th"]
[Site "Paris"]
[Date "2012.07.10"]
[Round "4"]
[White "Lambert, Romain"]
[Black "Hallay, Axel"]
[Result "1-0"]
[WhiteElo "2138"]
[BlackElo "1983"]
[PlyCount "51"]
[EventDate "2012.07.07"]
[EventType "swiss"]
[EventRounds "9"]
[EventCountry "FRA"]
[SourceTitle "EXT 2013"]
[Source "ChessBase"]
[SourceDate "2012.11.22"]
[SourceVersion "1"]
[SourceVersionDate "2012.11.22"]
[SourceQuality "1"]

1. d4 Nf6 2. c4 e6 3. Nc3 Bb4 4. a3 Bxc3+ 5. bxc3 c5 6. e3 0-0 7. Bd3 b6 8. Ne2 Nc6 9. 0-0 Ba6 10. e4 Ne8 11. Ng3 Na5 12. f4 Bxc4 13. Bxc4 Nxc4 14. f5 cxd4 15. cxd4 f6 16. Rf4 g5 17. fxg6 hxg6 18. Rg4 g5 19. e5 Ng7 20. h4 Qe8 21. exf6 Rxf6 22. Bxg5 Rf7 23. Bh6 Nd6 24. Nh5 Ndf5 25. Bxg7 Nxg7 26. Rxg7+ 1-0

[Event "Paris-ch op-B 87th"]
[Site "Paris"]
[Date "2012.07.08"]
[Round "2"]
[White "Lambert, Romain"]
[Black "Jacques, Christian"]
[Result "1-0"]
[WhiteElo "2138"]
[BlackElo "1940"]
[PlyCount "127"]
[EventDate "2012.07.07"]
[EventType "swiss"]
[EventRounds "9"]
[EventCountry "FRA"]
[SourceTitle "EXT 2013"]
[Source "ChessBase"]
[SourceDate "2012.11.22"]
[SourceVersion "1"]
[SourceVersionDate "2012.11.22"]
[SourceQuality "1"]

1. d4 d5 2. c4 e5 3. dxe5 d4 4. Nf3 Nc6 5. g3 Be6 6. Nbd2 Qd7 7. Bg2 0-0-0 8. 0-0 h5 9. h4 Nh6 10. Qb3 Na5 11. Qb5 Nxc4 12. Qxd7+ Rxd7 13. b3 Nxd2 14. Bxd2 Ng4 15. Rac1 g6 16. Bf4 Bg7 17. Rfd1 Re8 18. Rxd4 Rxd4 19. Nxd4 Bxe5 20. Bxe5 Nxe5 21. Nb5 Re7 22. Nd6+ Kb8 23. Nxb7 Bg4 24. Na5 Bxe2 25. Re1 Bb5 26. Kh1 Kc8 27. Bb7+ Kd8 28. a4 Be8 29. f4 Nd3 30. Rd1 Re1+ 31. Rxe1 Nxe1 32. Be4 f5 33. Bd5 Nc2 34. Kg1 Ke7 35. Nc4 Nd4 36. Ne5 c5 37. Kf2 Kd6 38. Bc4 a5 39. Ke3 Nc2+ 40. Kd2 Nd4 41. Bg8 Ke7 42. Kd3 Kf8 43. Bd5 Ke7 44. Kc4 Kd6 45. Nf7+ Bxf7 46. Bxf7 Ne2 47. Bxg6 Nxg3 48. Kb5 Ne2 49. Bxh5 Nxf4 50. Bf7 Ne6 51. Bxe6 Kxe6 52. Kxc5 f4 53. Kd4 Kf5 54. h5 Kg4 55. h6 f3 56. Ke3 Kg3 57. h7 f2 58. h8Q f1Q 59. Qe5+ Kg4 60. Qxa5 Qf3+ 61. Kd4 Qxb3 62. Qb5 Qd1+ 63. Kc5 Qc2+ 64. Qc4+ 1-0

[Event "EU-Cup 27th"]
[Site "Rogaska Slatina"]
[Date "2011.09.28"]
[Round "4"]
[White "Arngrimsson, Dagur"]
[Black "Lambert, Romain"]
[Result "1/2-1/2"]
[WhiteElo "2353"]
[BlackElo "2062"]
[PlyCount "87"]
[EventDate "2011.09.25"]
[EventType "team-swiss"]
[EventRounds "7"]
[EventCountry "SLO"]
[SourceTitle "CBM 145"]
[Source "ChessBase"]
[SourceDate "2011.11.11"]
[SourceVersion "1"]
[SourceVersionDate "2011.11.11"]
[SourceQuality "1"]
[WhiteTeam "Bolungarvik"]
[BlackTeam "Marseille"]
[WhiteTeamCountry "ISL"]
[BlackTeamCountry "FRA"]

1. Nf3 d5 2. g3 c6 3. Bg2 Bg4 4. 0-0 Nd7 5. d3 e5 6. Nbd2 Ngf6 7. e4 dxe4 8. dxe4 Bc5 9. h3 Bxf3 10. Qxf3 0-0 11. Nc4 Qe7 12. c3 a5 13. Ne3 Bxe3 14. Qxe3 Rfd8 15. b3 a4 16. Bb2 Qc5 17. Qf3 Qb6 18. c4 Qc7 19. Rfd1 Nc5 20. Qe3 Ne6 21. c5 axb3 22. axb3 Rxa1 23. Rxa1 Nd4 24. Ra4 b5 25. Ra2 Qe7 26. f4 exf4 27. gxf4 Nf5 28. Bxf6 gxf6 29. Qc3 Nd4 30. b4 Ne6 31. Qe3 Qd7 32. Ra6 Qd1+ 33. Kh2 Rd3 34. Qf2 Qh5 35. Bf1 Rd4 36. f5 Ng5 37. Bg2 Rd3 38. h4 h6 39. Rxc6 Kg7 40. Rc8 Kh7 41. Kg1 Rd1+ 42. Kh2 Rd3 43. Kg1 Rd1+ 44. Kh2 1/2-1/2

[Event "EU-Cup 27th"]
[Site "Rogaska Slatina"]
[Date "2011.09.27"]
[Round "3"]
[White "Lipskij, Valerij"]
[Black "Lambert, Romain"]
[Result "1/2-1/2"]
[WhiteElo "2118"]
[BlackElo "2062"]
[PlyCount "120"]
[EventDate "2011.09.25"]
[EventType "team-swiss"]
[EventRounds "7"]
[EventCountry "SLO"]
[SourceTitle "CBM 145"]
[Source "ChessBase"]
[SourceDate "2011.11.11"]
[SourceVersion "1"]
[SourceVersionDate "2011.11.11"]
[SourceQuality "1"]
[WhiteTeam "Vilnius"]
[BlackTeam "Marseille"]
[WhiteTeamCountry "LTU"]
[BlackTeamCountry "FRA"]

1. d4 d5 2. Nf3 c6 3. e3 Nf6 4. Bd3 e6 5. Ne5 Bd6 6. f4 0-0 7. Nd2 b6 8. c3 Qc7 9. Qe2 c5 10. 0-0 Bb7 11. Rf3 Ne4 12. Rh3 Bxe5 13. fxe5 f5 14. Nf3 a5 15. Bxe4 fxe4 16. Nd2 Ba6 17. Qe1 Nc6 18. b3 cxd4 19. exd4 Rf5 20. Ba3 Bd3 21. Rc1 Qf7 22. Qh4 g6 23. Re3 b5 24. Bc5 Kg7 25. Ree1 Rf4 26. Qg3 h5 27. Nf1 Rc8 28. Qe3 h4 29. h3 Qf5 30. Nh2 Rc7 31. Ng4 Rf7 32. Nf6 Qg5 33. Kh2 R7xf6 34. exf6+ Qxf6 35. Rcd1 Kf7 36. Bd6 Rf2 37. Rd2 Rxd2 38. Qxd2 g5 39. Kg1 Kg6 40. a3 Qf5 41. Qe3 Qf6 42. Rd1 Ne7 43. Rxd3 Nf5 44. Qe2 exd3 45. Qxd3 Qd8 46. Be5 Qd7 47. Kh2 Kh6 48. Qf1 Kg6 49. Qe2 Qe8 50. Qc2 Qc6 51. Qd2 Qb6 52. Kg1 a4 53. Qc2 Qa5 54. Kf2 Qa6 55. Qb2 Kh7 56. Bc7 Qc8 57. Be5 Qa6 58. Kf3 Kg6 59. b4 Qc8 60. Qd2 Qc6 1/2-1/2

[Event "EU-Cup 27th"]
[Site "Rogaska Slatina"]
[Date "2011.09.25"]
[Round "1"]
[White "Lambert, Romain"]
[Black "Argandona Riveiro, Inigo"]
[Result "1/2-1/2"]
[WhiteElo "2062"]
[BlackElo "2387"]
[PlyCount "72"]
[EventDate "2011.09.25"]
[EventType "team-swiss"]
[EventRounds "7"]
[EventCountry "SLO"]
[SourceTitle "CBM 145"]
[Source "ChessBase"]
[SourceDate "2011.11.11"]
[SourceVersion "1"]
[SourceVersionDate "2011.11.11"]
[SourceQuality "1"]
[WhiteTeam "Marseille"]
[BlackTeam "Taldea Gros Xake"]
[WhiteTeamCountry "FRA"]
[BlackTeamCountry "ESP"]

1. d4 d6 2. c4 g6 3. Nc3 Bg7 4. e4 Nc6 5. Be3 e5 6. d5 Nce7 7. g3 f5 8. Bg2 Nf6 9. h3 0-0 10. Qd2 Bd7 11. Nge2 a6 12. 0-0 Nxe4 13. Nxe4 fxe4 14. Nc3 Nf5 15. Nxe4 b6 16. a3 Nxe3 17. Qxe3 Rf5 18. h4 Rh5 19. Bf3 Bh6 20. Qe1 Rf5 21. Bg4 Rf7 22. Bxd7 Qxd7 23. Kg2 Raf8 24. f3 Qa4 25. Qc3 Qe8 26. b3 Qd7 27. Rad1 a5 28. Qd3 Rf5 29. Rf2 Qc8 30. Rh1 R5f7 31. Rd1 Qf5 32. a4 Qc8 33. Qe2 Qd7 34. Qc2 Be3 35. Rff1 Qf5 36. Qe2 Bh6 1/2-1/2

[Event "FRA-ch U20"]
[Site "Montlucon"]
[Date "2011.04.23"]
[Round "8"]
[White "Lambert, Romain"]
[Black "Hutois, Mickael"]
[Result "0-1"]
[WhiteElo "2054"]
[BlackElo "2142"]
[PlyCount "116"]
[EventDate "2011.04.17"]
[EventType "swiss"]
[EventRounds "9"]
[EventCountry "FRA"]
[SourceTitle "CBM 142 Extra"]
[Source "ChessBase"]
[SourceDate "2011.06.27"]
[SourceVersion "1"]
[SourceVersionDate "2011.06.27"]
[SourceQuality "1"]

1. d4 d5 2. c4 e6 3. Nc3 Nf6 4. Nf3 Be7 5. Bg5 0-0 6. e3 b6 7. Bd3 Bb7 8. Rc1 Nbd7 9. cxd5 exd5 10. 0-0 c5 11. Qc2 c4 12. Bf5 g6 13. Bh3 Nh5 14. Bh6 Re8 15. Rfe1 Bb4 16. Qa4 Bxc3 17. bxc3 f5 18. Bg5 Qc7 19. Bf4 Nxf4 20. exf4 Bc6 21. Qd1 Qxf4 22. g3 Qd6 23. Qd2 Kg7 24. Re2 Rxe2 25. Qxe2 Nf6 26. Ne5 Re8 27. Qe3 b5 28. Bxf5 Nd7 29. Bxd7 Bxd7 30. h4 h5 31. Qg5 Bf5 32. f3 Qf6 33. Qe3 a5 34. a3 Qd6 35. Ra1 Re7 36. Qg5 Qf6 37. Qd2 Qb6 38. Kg2 Qf6 39. Ra2 Bc8 40. Rb2 Rb7 41. Qe1 Qf5 42. Kg1 Qf6 43. Qe3 Qe6 44. Qe1 Qf5 45. Qe3 Qf6 46. Kg2 Qe6 47. Kg1 Qe7 48. Re2 Qd6 49. Qg5 Qf6 50. Qd2 Re7 51. Qe1 Qd6 52. Qc1 Bf5 53. Qg5 Qf6 54. Qd2 Bc8 55. Qc1 Rb7 56. Rb2 Qd6 57. Qh6+ Kxh6 58. Nf7+ Rxf7 0-1

[Event "Vitrolles"]
[Site "Vitrolles"]
[Date "2010.11.06"]
[Round "2"]
[White "Lambert, Romain"]
[Black "Chauvet, Vincent"]
[Result "1/2-1/2"]
[WhiteElo "2041"]
[BlackElo "2075"]
[PlyCount "52"]
[EventDate "2010.10.09"]
[EventType "tourn"]
[EventRounds "9"]
[EventCountry "FRA"]
[SourceTitle "EXT 2012"]
[Source "ChessBase"]
[SourceDate "2011.11.24"]
[SourceVersion "1"]
[SourceVersionDate "2011.11.24"]
[SourceQuality "1"]

1. d4 d5 2. c4 c6 3. Nc3 e6 4. cxd5 cxd5 5. Nf3 Nf6 6. Bf4 Bd6 7. Bg3 Nc6 8. e3 a6 9. Rc1 Bxg3 10. hxg3 Qd6 11. a3 0-0 12. Bd3 h6 13. Na4 e5 14. Nb6 Rb8 15. Nxc8 Rfxc8 16. Bf5 Re8 17. dxe5 Nxe5 18. 0-0 Nxf3+ 19. Qxf3 Qe5 20. Rc2 g6 21. Bd3 Kg7 22. Rd1 Rbc8 23. Qf4 Qe6 24. Rcd2 Qb6 25. Bb1 Rc4 26. Qf3 Qb3 1/2-1/2

[Event "FRA-chT1 0910"]
[Site "France"]
[Date "2009.11.21"]
[Round "4.4"]
[White "Lambert, Romain"]
[Black "Lohou, Stephane"]
[Result "0-1"]
[WhiteElo "2010"]
[BlackElo "2181"]
[PlyCount "60"]
[EventDate "2009.09.27"]
[EventType "team-tourn"]
[EventRounds "11"]
[EventCountry "FRA"]
[SourceTitle "EXT 2011"]
[Source "ChessBase"]
[SourceDate "2010.11.26"]
[SourceVersion "1"]
[SourceVersionDate "2010.11.26"]
[SourceQuality "1"]

1. d4 Nf6 2. c4 g6 3. Nc3 d5 4. cxd5 Nxd5 5. e4 Nxc3 6. bxc3 c5 7. Be3 Bg7 8. Bc4 Qa5 9. Qd2 Nc6 10. Ne2 0-0 11. Rd1 Rd8 12. f3 e6 13. 0-0 b5 14. Bb3 Ba6 15. f4 c4 16. Bc2 b4 17. f5 bxc3 18. Qe1 exf5 19. exf5 Nb4 20. Qxc3 Qxa2 21. Rd2 Nd5 22. Be4 Nxc3 23. Rxa2 Nxa2 24. Bxa8 c3 25. Ra1 Bc4 26. Bf3 c2 27. Nc1 Bxd4 28. Bxd4 Rxd4 29. Nxa2 Bxa2 30. Rc1 Bb3 0-1

[Event "FRA-chT1B 0809"]
[Site "France"]
[Date "2008.11.22"]
[Round "2.7"]
[White "Roman, Dimitri"]
[Black "Lambert, Romain"]
[Result "0-1"]
[WhiteElo "2084"]
[BlackElo "2052"]
[PlyCount "62"]
[EventDate "2008.10.19"]
[EventType "team-tourn"]
[EventRounds "11"]
[EventCountry "FRA"]
[SourceTitle "EXT 2010"]
[Source "ChessBase"]
[SourceDate "2010.11.25"]
[SourceVersion "1"]
[SourceVersionDate "2010.11.25"]
[SourceQuality "1"]
[WhiteTeam "Club 608"]
[BlackTeam "Niort"]
[WhiteTeamCountry "FRA"]
[BlackTeamCountry "FRA"]

1. e4 c5 2. Nf3 Nc6 3. d4 cxd4 4. Nxd4 Nf6 5. Nc3 e5 6. Ndb5 d6 7. Nd5 Nxd5 8. exd5 Nb8 9. Be3 a6 10. Na3 Be7 11. Nc4 Nd7 12. a4 b6 13. a5 b5 14. Nb6 Nxb6 15. Bxb6 Qd7 16. c4 bxc4 17. Bxc4 0-0 18. Qe2 f5 19. Ra3 Bd8 20. Bxd8 Qxd8 21. 0-0 f4 22. Rfa1 Rf6 23. Rb3 f3 24. Qe4 Rf4 25. Qc2 Bf5 26. Bd3 e4 27. Qd2 Rg4 28. Bf1 Qf6 29. h3 Rxg2+ 30. Kh1 Bxh3 31. Ra4 Qe5 0-1